000 00953nam a2200205Ii 4500
003 JO-AjNU
008 230605s9999||||xx |||||||||||||| ||und||
040 _aJO-AjNU
_bara
_erda
_cJO-AjNU
041 _aara
050 1 4 _aBP173.758.C4212 1989
100 3 _aشابرا، محمد عمر ؛ ترجمة: سيد محمد سكر ؛ مراجعة رفيق المصري,
_eauthor
_956589
245 0 0 _aنحو نظام نقدي عادل: دراسة للنقود والمصارف والسياسة النقدية في ضوء الإسلام
264 3 1 _aعمان: دار البشير للنشر والتوزيع، 1989
300 _a401ص
_bيتضمن ببلوغرافيا ص 311-401
336 _atext
_btxt
_2rdacontent
337 _aunmediated
_bn
_2rdamedia
338 _avolume
_bnc
_2rdacarrier
490 0 _aسلسلة اسلامية المعرفة3
650 4 _aالبنوك الاسلامية- الاسلام والاصلاح الاقتصادي
_956590
999 _aA25307
_c28875
_d28875